000 00374nam a2200133Ia 4500
008 151001s9999||||xx |||||||||||||| ||und||
100 _a उन्मेष
245 _aविष्णू पुराण
250 _a1
260 _bवैशाली प्रकाशन मध्यप्रदेश
260 _c2004
300 _a40
365 _b21
999 _c983151
_d983148